[Event "SUI-ch U16"]
[Site "Belp"]
[Date "2014.06.08"]
[Round "6"]
[White "Hubacher, Fabian"]
[Black "Aegler, Timon"]
[Result "1-0"]
[WhiteElo "1803"]
[BlackElo "1706"]
[PlyCount "119"]
[EventDate "2014.06.06"]
[EventType "swiss"]
[EventRounds "7"]
[EventCountry "SUI"]
[SourceTitle "EXT 2015"]
[Source "ChessBase"]
[SourceDate "2014.11.20"]
[SourceVersion "1"]
[SourceVersionDate "2014.11.20"]
[SourceQuality "1"]

1. d4 d5 2. Bf4 Nf6 3. Nf3 Bf5 4. e3 a6 5. c3 Nbd7 6. Bd3 Bg6 7. Qc2 e6 8. Nbd2 Bd6 9. Bg5 c6 10. h3 Qb6 11. Bxg6 hxg6 12. 0-0-0 0-0-0 13. Rhe1 Rhe8 14. Kb1 e5 15. dxe5 Nxe5 16. Nxe5 Bxe5 17. Nf3 Bd6 18. Rd3 Rd7 19. Bxf6 gxf6 20. Red1 Re4 21. Nd2 Rh4 22. c4 Rc7 23. cxd5 cxd5 24. Rc3 Rb4 25. Rxc7+ Bxc7 26. Nb3 Qd6 27. Qd3 Rb5 28. e4 Qh2 29. Qf3 dxe4 30. Qxe4 Qe5 31. Qd3 Qe7 32. f3 Be5 33. Qc4+ Kb8 34. Rc1 Ka7 35. Re1 Qb4 36. Qxb4 Rxb4 37. Kc2 a5 38. Rb1 b6 39. Nd2 Kb7 40. b3 Kc6 41. Nc4 Rb5 42. Kd3 Rd5+ 43. Kc2 Rc5 44. Kd3 Rd5+ 45. Ke2 Rd8 46. Rc1 Kb5 47. a3 Ka6 48. Nxe5 fxe5 49. Rc7 f5 50. Rc6 g5 51. Rf6 Rc8 52. Kd2 e4 53. Rxf5 e3+ 54. Kxe3 Rc3+ 55. Kd2 Rxb3 56. Rxg5 Rxa3 57. h4 a4 58. h5 Rb3 59. h6 a3 60. h7 1-0

[Event "SUI-ch U16"]
[Site "Belp"]
[Date "2014.06.07"]
[Round "3"]
[White "Schweighoffer, Martin"]
[Black "Hubacher, Fabian"]
[Result "1-0"]
[WhiteElo "2053"]
[BlackElo "1803"]
[PlyCount "79"]
[EventDate "2014.06.06"]
[EventType "swiss"]
[EventRounds "7"]
[EventCountry "SUI"]
[SourceTitle "EXT 2015"]
[Source "ChessBase"]
[SourceDate "2014.11.20"]
[SourceVersion "1"]
[SourceVersionDate "2014.11.20"]
[SourceQuality "1"]

1. e4 e6 2. d4 d5 3. Nd2 Nf6 4. e5 Nfd7 5. Bd3 c5 6. c3 Nc6 7. Ne2 Qb6 8. Nf3 cxd4 9. cxd4 Be7 10. 0-0 0-0 11. Nf4 Re8 12. a3 Nf8 13. b4 f6 14. exf6 Bxf6 15. Bb2 Bd7 16. Qd2 Rac8 17. Rac1 Kh8 18. Be2 h6 19. Nh5 Nh7 20. Qf4 Rf8 21. Qg4 Qd8 22. Qg3 Qe7 23. Bd3 Be8 24. Nf4 Ng5 25. Nh4 Nh3+ 26. Qxh3 Bxh4 27. Nxe6 Bd7 28. Nxf8 Rxf8 29. g4 Qf6 30. f4 h5 31. Bf5 hxg4 32. Bxg4 Bxg4 33. Qxg4 Qd8 34. Rc5 Bf6 35. Qh5+ Kg8 36. Qxd5+ Kh8 37. Rf3 Qc8 38. f5 Qd8 39. Rh3+ Bh4 40. Qxd8 1-0

[Event "SUI-ch U12"]
[Site "Belp"]
[Date "2010.07.02"]
[Round "2"]
[White "Bischofberger, Dario"]
[Black "Hubacher, Fabian"]
[Result "1/2-1/2"]
[WhiteElo "1560"]
[BlackElo "1554"]
[PlyCount "59"]
[EventDate "2010.06.29"]
[EventType "swiss"]
[EventRounds "7"]
[EventCountry "SUI"]
[SourceTitle "EXT 2012"]
[Source "ChessBase"]
[SourceDate "2011.11.24"]
[SourceVersion "1"]
[SourceVersionDate "2011.11.24"]
[SourceQuality "1"]

1. d4 e6 2. c4 f5 3. Nf3 Nf6 4. g3 b6 5. Bg2 Bb7 6. Nc3 Bb4 7. Bd2 0-0 8. 0-0 Bxc3 9. Bxc3 h6 10. h4 d6 11. Nd2 Bxg2 12. Kxg2 Ng4 13. Nf3 Nd7 14. Nh2 Ndf6 15. Qd3 Nxh2 16. Kxh2 Ne4 17. Rae1 Nxc3 18. Qxc3 f4 19. e4 fxe3 20. Qxe3 Re8 21. Re2 Qf6 22. Kg2 Re7 23. Rfe1 Rae8 24. Qc3 a5 25. b4 e5 26. dxe5 Rxe5 27. Rxe5 Rxe5 28. Rxe5 Qxe5 29. Qe3 Kf7 30. Kf3 1/2-1/2